[Event "8th ECI youth tournament"]
[Site "Eeklo"]
[Date "1981.08.??"]
[Round "5"]
[White "Petakov, Uroš"]
[Black "Rehn, Ralf"]
[Result "1-0"]
[WhiteElo "2000"]
[BlackElo "2074"]
[EventDate "1981.08.??"]
[Source "Ed.: D. Van de Bourry, Doorbraak No. 14, KBSK 1981"]

1. d4 f5 2. g3 Nf6 3. Bg2 d6 4. c4 g6 5. Nh3 Bg7 6. Nc3 Nc6 7. d5 Ne5 8. Nf4
O-O 9. Qc2 Bd7 10. b3 Qe8 11. h4 Rb8 12. Bb2 Neg4 13. a4 a6 14. Qd2 c5 15. Rb1
Qd8 16. O-O Bh6 17. f3 Ne5 18. e3 Nf7 19. Ba1 Qa5 20. Qe2 b5 21. Ne6 Bxe6
22. dxe6 Nd8 23. axb5 Nxe6 24. f4 Nc7 25. bxa6 Qxa6 26. e4 e6 27. e5 dxe5
28. Qxe5 Nfe8 29. Qxc5 Bg7 30. b4 Qd6 31. Qxd6 Nxd6 32. c5 Nc4 33. Rfd1 Ne3
34. Rd7 Na6 35. Bb7 Rfd8 36. Rxd8+ Rxd8 37. Bxa6 Nc2 38. c6 Nxa1 39. c7 1-0

[Event "8th ECI youth tournament"]
[Site "Eeklo"]
[Date "1981.08.??"]
[Round "5"]
[White "Cuijpers, Frans André"]
[Black "Michiels, Dirk"]
[Result "0-1"]
[WhiteElo "2217"]
[BlackElo "2028"]
[EventDate "1981.08.??"]
[Source "Ed.: D. Van de Bourry, Doorbraak No. 14, KBSK 1981"]

1. e4 c6 2. d4 d5 3. Nc3 dxe4 4. Nxe4 Bf5 5. Ng3 Bg6 6. h4 h6 7. h5 Bh7 8. Nf3
Nf6 9. Bd3 Bxd3 10. Qxd3 e6 11. Bd2 Nbd7 12. Qe2 Be7 13. O-O-O O-O 14. Ne5 Nb6
15. Kb1 Qc7 16. f4 Rad8 17. Be1 Nbd5 18. f5 Bd6 19. c4 Nf4 20. Qf3 Bxe5 21. dxe5
Rxd1+ 22. Qxd1 Qxe5 23. Bb4 c5 24. Re1 Qc7 25. Bc3 Rd8 26. Qc2 Ng4 27. Qe4 Qd6
28. fxe6 fxe6 29. a3 Qd3+ 30. Qxd3 Rxd3 31. Ne4 b6 32. g3 Nxh5 33. Kc2 Rf3
34. b4 Nxg3 35. bxc5 Ne3+ 36. Rxe3 Rxe3 37. Nxg3 bxc5 38. Nf1 Rf3 39. Nd2 Rf5
40. Kd3 h5 41. Ke2 h4 42. Ba5 g5 43. Nf3 Kf7 44. Bc7 Kg6 45. Bd6 Kh5 46. Be7 h3
47. Bd6 g4 48. Nd2 e5 49. Nf1 Rf4 50. Bxc5 Rxc4 51. Bxa7 Rc2+ 52. Kd3 Rg2
53. Ke4 g3 54. Kf3 e4+ 55. Kxe4 h2 0-1

[Event "8th ECI youth tournament"]
[Site "Eeklo"]
[Date "1981.08.??"]
[Round "5"]
[White "Jacobs, Byron Anthony"]
[Black "Milligan, Thomas"]
[Result "1-0"]
[WhiteElo "2245"]
[BlackElo "2133"]
[EventDate "1981.08.??"]
[Source "Ed.: D. Van de Bourry, Doorbraak No. 14, KBSK 1981"]

1. e4 e5 2. f4 Nf6 3. fxe5 Nxe4 4. Nf3 Ng5 5. d4 Nxf3+ 6. Qxf3 Qh4+ 7. Qf2
Qxf2+ 8. Kxf2 d6 9. exd6 Bxd6 10. Nd2 c6 11. Bd3 O-O 12. Re1 Nd7 13. Ne4 Bc7
14. Kf3 Rd8 15. Bg5 f6 16. Bf4 Bxf4 17. Kxf4 Nf8 18. c3 Ng6+ 19. Kg3 b6 20. h4
Kf8 21. Nf2 c5 22. h5 Ne7 23. dxc5 bxc5 24. Bxh7 Rd5 25. Be4 Rg5+ 26. Kf4 Rb8
27. b3 Rxh5 28. c4 g5+ 29. Kf3 f5 30. Bd5 g4+ 31. Kg3 Bb7 32. Bxb7 Rxb7 33. Nd3
Ng6 34. Rad1 Rd7 35. Nf4 Rxd1 36. Rxd1 Nxf4 37. Kxf4 Ke7 38. Rd5 Rh2 39. Kg3 Rh5
40. Kf4 Rh2 41. Kg3 Rh5 42. a3 Rh6 43. Rxc5 Ra6 44. a4 Kf6 45. Kf4 1-0

[Event "8th ECI youth tournament"]
[Site "Eeklo"]
[Date "1981.08.??"]
[Round "5"]
[White "Karadağ, Cem"]
[Black "Coffey, Seán"]
[Result "1-0"]
[WhiteElo "2064"]
[BlackElo "2144"]
[EventDate "1981.08.??"]
[Source "Ed.: D. Van de Bourry, Doorbraak No. 14, KBSK 1981"]

1. e4 e6 2. d3 d5 3. Nd2 Nf6 4. Ngf3 b6 5. c3 Bb7 6. e5 Nfd7 7. d4 c5 8. Bd3
Be7 9. Nf1 Nc6 10. Ng3 Qc7 11. a3 O-O-O 12. b4 c4 13. Bc2 h6 14. Be3 g5 15. Nh5
f5 16. exf6 Nxf6 17. Ng7 Qd6 18. b5 Rhg8 19. bxc6 Bxc6 20. Nxe6 Qxe6 21. Ne5 Be8
22. Qb1 Kb8 23. Bf5 Qd6 24. a4 Nh5 25. a5 b5 26. a6 Nf4 27. g3 Ne6 28. O-O Nc7
29. f4 b4 30. cxb4 Nb5 31. Ra5 Ka8 32. Nxc4 dxc4 33. Qe4+ Bc6 34. Rxb5 Rc8
35. Qe5 Bxb5 36. Qxb5 Qb6 37. Qxb6 axb6 38. Bxc8 Rxc8 39. fxg5 Bxb4 40. gxh6 c3
41. g4 Ba3 42. g5 c2 43. Bc1 Bxc1 44. Rxc1 b5 45. h7 b4 46. Rxc2 1-0

[Event "8th ECI youth tournament"]
[Site "Eeklo"]
[Date "1981.08.??"]
[Round "5"]
[White "Welvaert, Dirk"]
[Black "Gerogiannis, Christodoulos"]
[Result "1/2-1/2"]
[WhiteElo "1741"]
[BlackElo "2165"]
[EventDate "1981.08.??"]
[Source "Ed.: D. Van de Bourry, Doorbraak No. 14, KBSK 1981"]

1. e4 d5 2. exd5 Qxd5 3. Nc3 Qa5 4. d4 Nf6 5. Nf3 Bg4 6. Be2 e6 7. O-O Nbd7
8. Bd2 c6 9. Re1 Qc7 10. Ng5 Bf5 11. b4 h6 12. Nf3 a6 13. Na4 b5 14. Nc5 Nb6
15. Ne5 Bd6 16. Bf3 Nfd5 17. g3 O-O 18. Rb1 Bxe5 19. Rxe5 Nc4 20. Re1 Rfd8
21. Be4 Nd6 22. Bxd5 exd5 23. Bf4 a5 24. Bxd6 Rxd6 25. bxa5 Rxa5 26. Re8+ Kh7
27. Qe1 Ra7 28. Rb2 Rd8 29. Re5 Bg6 30. h4 f6 31. Re3 Rda8 32. Qe2 Rxa2 33. Rxa2
Rxa2 34. h5 Be4 35. Nxe4 dxe4 36. Rxe4 Qd7 37. Qd3 Kh8 38. Kg2 Qd5 39. f3 Qxh5
40. g4 Qf7 41. Qe2 Ra8 42. Re6 Qd7 43. Qe4 Rc8 44. Kh3 Qd5 45. Qxd5 cxd5 46. Rb6
Rc4 47. Rxb5 Rxd4 48. Kh4 Kh7 49. Kg3 Rd2 50. Kf4 d4 51. Rd5 Kg6 52. Ke4 Rxc2
53. Rxd4 Kg5 54. Rd7 Re2+ 55. Kd3 Re6 56. Rxg7+ Kf4 57. Rg6 Kxf3 58. Kd2 Kg3
59. Kd3 Kh4 60. Kd4 h5 61. g5 Rd6+ 62. Ke3 Rd8 63. gxf6 Kh3 64. f7 Rf8 65. Rg7
h4 66. Kf2 Kh2 1/2-1/2

[Event "8th ECI youth tournament"]
[Site "Eeklo"]
[Date "1981.08.??"]
[Round "5"]
[White "Bezsilko, Philippe"]
[Black "James, Simon"]
[Result "1/2-1/2"]
[WhiteElo "2060"]
[BlackElo "2020"]
[EventDate "1981.08.??"]
[Source "Ed.: D. Van de Bourry, Doorbraak No. 14, KBSK 1981"]

1. e4 e5 2. Nf3 Nc6 3. Bb5 a6 4. Ba4 Nf6 5. d4 exd4 6. O-O Be7 7. e5 Ne4
8. Nxd4 O-O 9. Re1 Nc5 10. Nc3 Nxa4 11. Nxa4 Nxd4 12. Qxd4 d6 13. Bf4 dxe5
14. Qxe5 Bd6 15. Qe4 Bd7 16. Bxd6 cxd6 17. Nc3 Bc6 18. Qd3 Qf6 19. Rad1 Rfe8
20. f3 Rxe1+ 21. Rxe1 h6 22. b3 Qg6 23. Qxg6 fxg6 24. Re6 Rc8 25. Nd1 Be8
26. Ne3 Rd8 27. Kf2 Kf7 28. Re4 Bc6 29. Rd4 Ke6 30. c4 Re8 31. Ke2 b5 32. Kd2
bxc4 33. Rxc4 Rc8 34. Rc2 1/2-1/2

[Event "8th ECI youth tournament"]
[Site "Eeklo"]
[Date "1981.08.??"]
[Round "5"]
[White "van der Zalm, Marnix"]
[Black "Hovestadt, Leo"]
[Result "1-0"]
[WhiteElo "1758"]
[BlackElo "2000"]
[EventDate "1981.08.??"]
[Source "Ed.: D. Van de Bourry, Doorbraak No. 14, KBSK 1981"]

1. d4 Nf6 2. c4 e6 3. Nc3 c5 4. d5 exd5 5. cxd5 g6 6. e4 d6 7. f4 Bg7 8. Nf3
O-O 9. Be2 Re8 10. e5 dxe5 11. fxe5 Ng4 12. Bg5 Qa5 13. O-O Nxe5 14. Nxe5 Bxe5
15. Bc4 Nd7 16. d6 Bd4+ 17. Kh1 Ne5 18. Bb5 Bd7 19. Bxd7 Nxd7 20. Nd5 Re5
21. Ne7+ Kg7 22. Qg4 f5 23. Qh4 h5 24. Bf4 Qb6 25. Bxe5+ Nxe5 26. Qg5 Kh7
27. Nxf5 gxf5 28. Rxf5 Qxd6 29. Rf6 Qxf6 30. Qxf6 Ng4 31. Qf7+ Kh6 32. Rf1 1-0

[Event "8th ECI youth tournament"]
[Site "Eeklo"]
[Date "1981.08.??"]
[Round "5"]
[White "Geenen, Marc"]
[Black "Berend, Freddy"]
[Result "1-0"]
[WhiteElo "1872"]
[BlackElo "1604"]
[EventDate "1981.08.??"]
[Source "Ed.: D. Van de Bourry, Doorbraak No. 14, KBSK 1981"]

1. e4 c5 2. Nf3 d6 3. d4 cxd4 4. Nxd4 Nf6 5. Nc3 a6 6. Bg5 e6 7. f4 b5 8. e5
dxe5 9. fxe5 Qc7 10. exf6 Qe5+ 11. Be2 Qxg5 12. Qd3 Qxf6 13. Rf1 Qe5 14. Rd1 Ra7
15. Nf3 Qc7 16. Ng5 Be7 17. Rxf7 Qxh2 18. Rxe7+ Kxe7 19. Nd5+ Kf8 20. Qf3+ Kg8
21. Ne7+ 1-0

[Event "8th ECI youth tournament"]
[Site "Eeklo"]
[Date "1981.08.??"]
[Round "6"]
[White "Cardon, Helmut"]
[Black "Lanzani, Mario"]
[Result "1-0"]
[WhiteElo "2265"]
[BlackElo "2145"]
[EventDate "1981.08.??"]
[Source "Ed.: D. Van de Bourry, Doorbraak No. 14, KBSK 1981"]

1. d4 Nf6 2. c4 e6 3. Nc3 Bb4 4. e3 O-O 5. Bd3 c5 6. Ne2 d5 7. O-O Nc6 8. cxd5
exd5 9. a3 cxd4 10. axb4 dxc3 11. b5 Ne5 12. Nxc3 Bg4 13. Be2 Bxe2 14. Nxe2 Qd7
15. Qd4 Rfe8 16. Nc3 Qg4 17. Qxg4 Nexg4 18. b3 Rec8 19. Bb2 Ne4 20. Nxe4 dxe4
21. Rfc1 h6 22. Rxc8+ Rxc8 23. Bd4 Kh7 24. h3 Nf6 25. Rxa7 Rc7 26. b6 Rd7 27. f3
exf3 28. Bxf6 f2+ 29. Kxf2 gxf6 30. Kf3 Re7 31. Kf4 Kg6 32. e4 Kg7 33. g4 Kg6
34. h4 Kg7 35. Kf3 Kg6 36. h5+ Kg7 37. Kf4 Kh7 38. Ke3 Rd7 39. Kf4 Kg7 40. Kf5
Re7 41. Kf4 Kh7 42. b4 Kg7 43. Ke3 Rd7 44. b5 Kf8 45. Ra8+ Kg7 46. Rb8 Kh7
47. Rc8 Rd6 48. Rc6 bxc6 49. b7 cxb5 50. b8=Q Re6 51. Qf8 1-0

[Event "8th ECI youth tournament"]
[Site "Eeklo"]
[Date "1981.08.??"]
[Round "6"]
[White "Kaiser, Wolfgang"]
[Black "Petakov, Uroš"]
[Result "1/2-1/2"]
[WhiteElo "2144"]
[BlackElo "2000"]
[EventDate "1981.08.??"]
[Source "Ed.: D. Van de Bourry, Doorbraak No. 14, KBSK 1981"]

1. e4 e6 2. d4 d5 3. e5 c5 4. c3 Qb6 5. Nf3 Bd7 6. Be2 Bb5 7. c4 Bxc4 8. Bxc4
Qb4+ 9. Nbd2 dxc4 10. O-O Nc6 11. dxc5 Bxc5 12. Qe2 Nge7 13. Nxc4 O-O 14. b3 Qb5
15. Bb2 Nf5 16. Qe4 Nb4 17. Rfd1 Rfd8 18. Nd6 Nxd6 19. exd6 Bxd6 20. a4 Qf5
21. Qxf5 exf5 22. Nh4 Bc5 23. Nxf5 Nd3 24. Ba3 Bxa3 25. Rxa3 Nc5 26. Rc1 Rd3
27. g3 b6 28. Ra2 g6 29. b4 Ne4 30. Ne3 Nc3 31. Rac2 Nxa4 32. Rc8+ Rxc8
33. Rxc8+ Kg7 34. Rc7 Rb3 35. Nd5 Rd3 36. Ne3 Rd4 37. b5 Nc5 38. Rxa7 Rb4
39. Kg2 Rxb5 40. Nc4 Rb1 41. Nd6 Kf6 42. Nxf7 b5 43. Nd6 b4 44. Ra5 Nd3 45. Rb5
Ke6 46. Nc4 Ne1+ 47. Kh3 Nc2 48. Kg4 Nd4 49. Rb6+ Ke7 50. Rb7+ Ke6 51. Rb6+
1/2-1/2

[Event "8th ECI youth tournament"]
[Site "Eeklo"]
[Date "1981.08.??"]
[Round "6"]
[White "Gobet, Fernand"]
[Black "Feistenauer, Fred"]
[Result "1-0"]
[WhiteElo "2000"]
[BlackElo "2100"]
[EventDate "1981.08.??"]
[Source "Ed.: D. Van de Bourry, Doorbraak No. 14, KBSK 1981"]

1. e4 c5 2. Nf3 d6 3. d4 cxd4 4. Nxd4 Nf6 5. Nc3 a6 6. Bc4 e6 7. Bb3 b5 8. f4
b4 9. Na4 Nxe4 10. O-O d5 11. f5 Ra7 12. Be3 Bd6 13. Qg4 Nf6 14. Qh3 Re7
15. fxe6 fxe6 16. Rae1 O-O 17. Bg5 Qe8 18. Nb6 Bc5 19. c3 Bxb6 20. Bxf6 gxf6
21. Qg3+ Qg6 22. Qxb8 Rb7 23. Qd6 bxc3 24. bxc3 Rg7 25. Rf2 Ba7 26. Kh1 Qf7
27. Rfe2 Bxd4 28. cxd4 Qc7 29. Qb4 Qb7 30. Qd6 Qc7 31. Qb4 Rg4 32. Rc2 Qf4
33. Qe7 Rg7 34. Qc5 h5 35. Qb6 h4 36. Rxc8 Qf2 37. Rxf8+ Kxf8 38. Qd8+ 1-0

[Event "8th ECI youth tournament"]
[Site "Eeklo"]
[Date "1981.08.??"]
[Round "6"]
[White "Schandorff, Lars"]
[Black "Jacobs, Byron Anthony"]
[Result "1-0"]
[WhiteElo "2109"]
[BlackElo "2245"]
[EventDate "1981.08.??"]
[Source "Ed.: D. Van de Bourry, Doorbraak No. 14, KBSK 1981"]

1. Nf3 Nc6 2. g3 e5 3. d3 g6 4. Bg2 Bg7 5. O-O d6 6. c4 f5 7. Nc3 Nf6 8. Rb1 a5
9. a3 O-O 10. b4 axb4 11. axb4 h6 12. b5 Ne7 13. Bb2 Be6 14. Qb3 Qd7 15. Ra1
Rxa1 16. Rxa1 f4 17. Nd2 b6 18. Ra8 Rxa8 19. Bxa8 Kh8 20. Bg2 fxg3 21. hxg3 Nf5
22. Nd5 Nd4 23. Bxd4 exd4 24. Nxf6 Bxf6 25. Bc6 Qe7 26. Ne4 Bg7 27. Qa2 Kh7
28. Qa8 Qf7 29. Bd5 Bxd5 30. Qxd5 Kg8 31. Kg2 Kf8 32. Qa8+ Ke7 33. Qc8 1-0

[Event "8th ECI youth tournament"]
[Site "Eeklo"]
[Date "1981.08.??"]
[Round "6"]
[White "Michiels, Dirk"]
[Black "Sapis, Witalis"]
[Result "0-1"]
[WhiteElo "2028"]
[BlackElo "2000"]
[EventDate "1981.08.??"]
[Source "Ed.: D. Van de Bourry, Doorbraak No. 14, KBSK 1981"]

1. e4 c6 2. d4 d5 3. exd5 cxd5 4. Bd3 Nc6 5. c3 Nf6 6. Bf4 g6 7. Nd2 Bg7
8. Ngf3 O-O 9. Ne5 Nxe5 10. Bxe5 Nh5 11. Bxg7 Nxg7 12. O-O Bf5 13. Be2 Qd6
14. Re1 b5 15. Bxb5 Rfb8 16. Ba4 Rxb2 17. Bb3 Rc8 18. Qc1 Qa3 19. Rd1 Ne6
20. Nb1 Bxb1 21. Rxb1 Rxa2 22. Bxa2 Qxa2 23. Rb4 a5 24. Rd2 Qxd2 25. Qxd2 axb4
26. cxb4 Nxd4 27. h4 Rc1+ 28. Kh2 Rc4 29. b5 Nxb5 30. Qxd5 Nd6 31. g3 h5 32. f3
Rc2+ 33. Kh3 Re2 34. Qd3 Re6 35. Qc3 Nf5 36. Qc8+ Kg7 37. Qc3+ Kh7 38. Qd3 Re3
39. Qd5 Kg7 40. Qd1 e5 41. Kg2 {According to my source, white didn't want to adjourn the game, preferring to play in a bowling tournament, and therefore resigned the game.} 0-1

[Event "8th ECI youth tournament"]
[Site "Eeklo"]
[Date "1981.08.??"]
[Round "6"]
[White "Rehn, Ralf"]
[Black "Karadağ, Cem"]
[Result "1/2-1/2"]
[WhiteElo "2074"]
[BlackElo "2064"]
[EventDate "1981.08.??"]
[Source "Ed.: D. Van de Bourry, Doorbraak No. 14, KBSK 1981"]

1. e4 c5 2. Nf3 a6 3. d4 e6 4. Be3 cxd4 5. Nxd4 Nf6 6. Bd3 Qc7 7. c4 d5 8. Nd2
dxe4 9. Nxe4 Nxe4 10. Bxe4 f5 11. Bd3 Bb4+ 12. Bd2 Qe5+ 13. Be2 Qa5 14. O-O Bxd2
15. Nb3 Qc7 16. Qxd2 O-O 17. Rfd1 Nc6 18. Qd6 Qf7 19. Bf3 Ne7 20. Nc5 Ng6
21. Rd4 Qf6 22. Rad1 e5 23. Qxf6 gxf6 24. Bd5+ Kh8 25. R4d3 Rb8 26. Bxb7 Bxb7
27. Nd7 Nf4 28. Rd6 Rg8 29. g3 Rbd8 30. Nxf6 Rxd6 31. Rxd6 Nh3+ 32. Kf1 Rg6
33. Rd8+ Kg7 34. Ne8+ Kh6 35. Nd6 Be4 36. Nf7+ Kh5 37. Nxe5 Re6 38. f4 Ng5
39. Rd7 h6 40. Kf2 Bb1 41. fxg5 Rxe5 42. gxh6 Kxh6 43. Rd6+ Kg5 44. Rxa6 Bd3
45. h4+ Kg4 46. Rg6+ Kh5 47. Rg5+ Kh6 48. b3 Re2+ 49. Kf3 Rxa2 50. Ke3 Bc2
51. c5 Rb2 52. Kd4 Rxb3 53. c6 Rd3+ 54. Kc4 Rd8 55. Kc5 Rf8 56. c7 Be4 57. Kd6
Bb7 58. Ke7 Rc8 59. Kd7 Rh8 60. Ke6 Bc8+ 61. Kf6 Rf8+ 62. Ke7 Rh8 63. Kf6 Rf8+
64. Ke7 Rh8 65. Kf6 1/2-1/2

[Event "8th ECI youth tournament"]
[Site "Eeklo"]
[Date "1981.08.??"]
[Round "6"]
[White "Cuijpers, Frans André"]
[Black "Ånstadt, Tor"]
[Result "1-0"]
[WhiteElo "2217"]
[BlackElo "1932"]
[EventDate "1981.08.??"]
[Source "Ed.: D. Van de Bourry, Doorbraak No. 14, KBSK 1981"]

1. e4 c5 2. Nf3 e6 3. d4 cxd4 4. Nxd4 Nf6 5. Nc3 d6 6. Be2 Be7 7. O-O O-O 8. f4
Nc6 9. Be3 Qc7 10. Kh1 a6 11. Qe1 Nxd4 12. Bxd4 b5 13. a3 Bb7 14. Qg3 Bc6 15. e5
dxe5 16. Bxe5 Qb7 17. f5 exf5 18. Rxf5 Ne8 19. Bd3 g6 20. Rf2 Rd8 21. Re1 Bd6
22. Ne4 Bxe5 23. Qxe5 Qa7 24. Rfe2 Qd4 25. Nc5 Qxe5 26. Rxe5 Nc7 27. Kg1 Rfe8
28. Kf2 Kf8 29. g3 Rxe5 30. Rxe5 Re8 31. Rxe8+ Kxe8 32. Ke3 Ke7 33. Kd4 Ba8
34. b4 Bc6 35. Bf1 Ba8 36. Bh3 f5 37. Ke5 Bf3 38. Bf1 Bd1 39. Bd3 Bf3 40. Bf1
Bc6 41. Be2 Bg2 42. c4 Bh1 43. Nb3 bxc4 44. Bxc4 Bc6 45. Nc5 Bb5 46. Bb3 Bf1
47. a4 Be2 48. Bc2 Bc4 49. Bd3 Bxd3 50. Nxd3 Kd7 51. Nf4 Kc6 52. h4 Ne8 53. Ne6
Nd6 54. Nf8 Ne4 55. Nxh7 Nxg3 56. Nf8 Ne4 57. Nxg6 Ng3 1-0

[Event "8th ECI youth tournament"]
[Site "Eeklo"]
[Date "1981.08.??"]
[Round "6"]
[White "Milligan, Thomas"]
[Black "Welvaert, Dirk"]
[Result "1-0"]
[WhiteElo "2133"]
[BlackElo "1741"]
[EventDate "1981.08.??"]
[Source "Ed.: D. Van de Bourry, Doorbraak No. 14, KBSK 1981"]

1. e4 e5 2. f4 exf4 3. Nc3 Qh4+ 4. Ke2 d5 5. Nxd5 Bg4+ 6. Nf3 Bd6 7. d4 Ne7
8. Nxe7 Qxe7 9. Kf2 Qxe4 10. Bd3 Qc6 11. Re1+ Kd8 12. Be4 Qb5 13. c4 Qa6 14. c5
Be7 15. Bxf4 Nd7 16. Qb3 Rb8 17. Bd3 Qc6 18. Bb5 Qg6 19. Bxc7+ Kxc7 20. Rxe7
Rhe8 21. Qxf7 Rxe7 22. Qxe7 1-0

[Event "8th ECI youth tournament"]
[Site "Eeklo"]
[Date "1981.08.??"]
[Round "6"]
[White "Gerogiannis, Christodoulos"]
[Black "van der Zalm, Marnix"]
[Result "1-0"]
[WhiteElo "2165"]
[BlackElo "1758"]
[EventDate "1981.08.??"]
[Source "Ed.: D. Van de Bourry, Doorbraak No. 14, KBSK 1981"]

1. d4 Nf6 2. c4 e6 3. Nf3 b6 4. a3 Bb7 5. Nc3 d5 6. cxd5 exd5 7. g3 Be7 8. Bg2
O-O 9. O-O Na6 10. b4 c5 11. bxc5 bxc5 12. Rb1 Qc8 13. Qb3 Bc6 14. Bf4 c4
15. Qa2 Nh5 16. Ne5 Nxf4 17. gxf4 Rd8 18. e4 Bb7 19. Nxd5 Bxd5 20. exd5 Bd6
21. Nc6 Re8 22. Qxc4 Nc7 23. Qd3 Qg4 24. Qg3 Qf5 25. Qg5 Qd3 26. a4 f6 27. Qg4
f5 28. Qg5 h6 29. Qg6 Bxf4 30. d6 Re6 31. Ne7+ Kh8 32. Qxf5 Qxf5 33. Nxf5 1-0

[Event "8th ECI youth tournament"]
[Site "Eeklo"]
[Date "1981.08.??"]
[Round "6"]
[White "James, Simon"]
[Black "Coffey, Seán"]
[Result "1/2-1/2"]
[WhiteElo "2020"]
[BlackElo "2144"]
[EventDate "1981.08.??"]
[Source "Ed.: D. Van de Bourry, Doorbraak No. 14, KBSK 1981"]

1. d4 e6 2. c4 Nf6 3. Nc3 Bb4 4. e3 b6 5. Ne2 Ba6 6. a3 Bxc3+ 7. Nxc3 d5 8. b3
O-O 9. Be2 Nbd7 10. Bb2 Rc8 11. Nb5 c6 12. Nd6 Ra8 13. cxd5 Bxe2 14. Qxe2 cxd5
15. Nb5 a6 16. Nc3 Qe7 17. O-O Rfc8 18. Rac1 b5 19. Na2 Nb6 1/2-1/2

[Event "8th ECI youth tournament"]
[Site "Eeklo"]
[Date "1981.08.??"]
[Round "6"]
[White "Geenen, Marc"]
[Black "Bezsilko, Philippe"]
[Result "1-0"]
[WhiteElo "1872"]
[BlackElo "2060"]
[EventDate "1981.08.??"]
[Source "Ed.: D. Van de Bourry, Doorbraak No. 14, KBSK 1981"]

1. e4 g6 2. d4 c5 3. Nf3 Bg7 4. Nc3 Qa5 5. Be2 Nf6 6. O-O O-O 7. d5 d6 8. Nd2
a6 9. Nc4 Qc7 10. a4 b6 11. Bf4 Nbd7 12. Bg3 Ne8 13. f4 f5 14. exf5 Rxf5 15. Bg4
Rf8 16. Be6+ Kh8 17. Ne4 Ndf6 18. Ng5 Bh6 19. Bxc8 Bxg5 20. fxg5 Rxc8 21. gxf6
Nxf6 22. Qd3 Rcd8 23. Rae1 b5 24. axb5 axb5 25. Na3 b4 26. Nc4 Qb7 27. Ne3 Rb8
28. Rb1 Qb6 29. Kh1 Qc7 30. c4 1-0

[Event "8th ECI youth tournament"]
[Site "Eeklo"]
[Date "1981.08.??"]
[Round "6"]
[White "Hovestadt, Leo"]
[Black "Berend, Freddy"]
[Result "1/2-1/2"]
[WhiteElo "2000"]
[BlackElo "1604"]
[EventDate "1981.08.??"]
[Source "Ed.: D. Van de Bourry, Doorbraak No. 14, KBSK 1981"]

1. Nf3 c5 2. c4 Nf6 3. Nc3 g6 4. e3 Bg7 5. d4 O-O 6. Be2 d6 7. O-O Na6 8. b3
Bf5 9. Bb2 Qa5 10. Na4 Rfd8 11. Bc3 Qc7 12. Nd2 Rac8 13. Qc1 Qb8 14. dxc5 dxc5
15. Qb2 Nb4 16. e4 Rxd2 17. Qxd2 Nxe4 18. Qb2 Nxc3 19. Nxc3 Qe5 20. Rac1 Rd8
21. Rfd1 Rxd1+ 22. Rxd1 Bf6 23. Rc1 Qf4 24. g3 Qh6 25. Rd1 Bd4 26. Qc1 Qxc1
27. Rxc1 Bxc3 28. Rxc3 Nxa2 29. Re3 Kf8 30. Bd3 Bc8 31. Be4 Nb4 32. Kg2 e6
33. g4 f5 34. gxf5 gxf5 35. Bb1 Bd7 36. Kg3 Kf7 37. Kf4 Kf6 38. Rh3 e5+ 39. Kf3
Kg6 40. Rg3+ Kf6 41. Rh3 Kg7 42. Rg3+ Kh8 43. h4 Nc6 44. h5 Nd4+ 45. Kg2 Ne6
46. Kf1 e4 47. f3 Nd4 48. fxe4 f4 49. Rg5 Nxb3 50. Kf2 h6 51. Rg6 Be8 52. Rxh6+
Kg7 53. Re6 Bxh5 54. Re7+ Kf6 55. Rxb7 Nd2 56. Bd3 Ke5 57. Rxa7 Bg6 58. Rg7
1/2-1/2

[Event "8th ECI youth tournament"]
[Site "Eeklo"]
[Date "1981.08.??"]
[Round "7"]
[White "Cardon, Helmut"]
[Black "Kaiser, Wolfgang"]
[Result "1/2-1/2"]
[WhiteElo "2265"]
[BlackElo "2144"]
[EventDate "1981.08.??"]
[Source "Ed.: D. Van de Bourry, Doorbraak No. 14, KBSK 1981"]

1. d4 Nf6 2. Nf3 g6 3. g3 Bg7 4. Bg2 O-O 5. O-O d6 6. Re1 Nbd7 7. e4 e5 8. h3
c6 9. Nc3 Re8 10. b3 exd4 11. Nxd4 Qb6 12. Be3 Nc5 13. f3 Nh5 14. Kh2 1/2-1/2

[Event "8th ECI youth tournament"]
[Site "Eeklo"]
[Date "1981.08.??"]
[Round "7"]
[White "Lanzani, Mario"]
[Black "Gobet, Fernand"]
[Result "1-0"]
[WhiteElo "2145"]
[BlackElo "2000"]
[EventDate "1981.08.??"]
[Source "Ed.: D. Van de Bourry, Doorbraak No. 14, KBSK 1981"]

1. Nf3 Nf6 2. c4 e6 3. g3 d5 4. Bg2 Be7 5. O-O O-O 6. d4 Nbd7 7. Qc2 c6 8. b3
b5 9. Ne5 Bb7 10. Nd2 Rc8 11. Nxd7 Qxd7 12. c5 a5 13. a3 Bd8 14. Rd1 Bc7 15. e4
dxe4 16. Nxe4 Nd5 17. Ng5 f5 18. Re1 Rce8 19. Nf3 Bc8 20. Ne5 Bxe5 21. Rxe5 h6
22. Bxd5 exd5 23. Rxe8 Qxe8 24. Bf4 Qh5 25. Qd1 Qxd1+ 26. Rxd1 a4 27. bxa4 bxa4
28. Rb1 Ba6 29. Rb6 Bb5 30. f3 Re8 31. Be5 Re7 32. Kf2 Kf7 33. h4 Ke6 34. Rb8
Bc4 35. Ke3 Ba6 36. Ra8 Bb5 37. Rg8 Bc4 38. Kf4 Be2 39. h5 Rb7 40. Rxg7 Rb3
41. Rg6+ Kf7 42. Rf6+ Kg8 43. Rxh6 Rxa3 44. Rxc6 Ra1 45. Rc8+ Kf7 46. c6 1-0

[Event "8th ECI youth tournament"]
[Site "Eeklo"]
[Date "1981.08.??"]
[Round "7"]
[White "Petakov, Uroš"]
[Black "Schandorff, Lars"]
[Result "0-1"]
[WhiteElo "2000"]
[BlackElo "2109"]
[EventDate "1981.08.??"]
[Source "Ed.: D. Van de Bourry, Doorbraak No. 14, KBSK 1981"]

1. Nf3 Nf6 2. g3 g6 3. Bg2 Bg7 4. O-O O-O 5. d4 d6 6. c4 Nbd7 7. Nc3 e5 8. e4
c6 9. Rb1 Qb6 10. dxe5 Nxe5 11. Nxe5 dxe5 12. h3 Be6 13. b3 Rfd8 14. Qc2 Qc7
15. Be3 Nh5 16. c5 f5 17. exf5 gxf5 18. Bg5 Rf8 19. Qe2 Qf7 20. Bf3 Nf6 21. Na4
Qg6 22. h4 h6 23. Bd2 Nd5 24. Bh5 Qf6 25. f4 e4 26. Be3 Rad8 27. Rfd1 Nxe3
28. Qxe3 Rxd1+ 29. Rxd1 Rd8 30. Qc1 Rxd1+ 31. Qxd1 Qd4+ 32. Kf1 Qxd1+ 33. Bxd1
Bd4 34. a3 Kf8 35. Ke2 Ke7 36. Bc2 Bd5 37. Kd2 Bf2 38. Nc3 Bxg3 39. Ke3 Bxh4
40. Bd1 Bf7 41. b4 Bf6 42. Ne2 Bh5 43. Kd2 Bxe2 44. Bxe2 Bb2 45. a4 Ba3 46. Kc3
Bc1 47. b5 cxb5 48. axb5 Bxf4 49. Kd4 Kf6 50. Bf1 h5 0-1

[Event "8th ECI youth tournament"]
[Site "Eeklo"]
[Date "1981.08.??"]
[Round "7"]
[White "Sapis, Witalis"]
[Black "Feistenauer, Fred"]
[Result "1/2-1/2"]
[WhiteElo "2000"]
[BlackElo "2100"]
[EventDate "1981.08.??"]
[Source "Ed.: D. Van de Bourry, Doorbraak No. 14, KBSK 1981"]

1. e4 c5 2. Nf3 d6 3. d4 cxd4 4. Nxd4 Nf6 5. Nc3 a6 6. g3 g6 7. Bg2 Bg7 8. O-O
Nbd7 9. Nd5 O-O 10. a4 Re8 11. Re1 Rb8 12. a5 Ne5 13. c3 Nc6 14. Nxc6 bxc6
15. Nb4 Bb7 16. e5 Nd5 17. Nxd5 cxd5 18. e6 fxe6 19. Rxe6 d4 20. Bxb7 Rxb7
21. cxd4 Rb5 22. Qa4 Qa8 23. Bf4 Qd5 24. Re2 Qxd4 1/2-1/2

[Event "8th ECI youth tournament"]
[Site "Eeklo"]
[Date "1981.08.??"]
[Round "7"]
[White "Jacobs, Byron Anthony"]
[Black "Rehn, Ralf"]
[Result "0-1"]
[WhiteElo "2245"]
[BlackElo "2074"]
[EventDate "1981.08.??"]
[Source "Ed.: D. Van de Bourry, Doorbraak No. 14, KBSK 1981"]

1. e4 c5 2. f4 Nc6 3. Nf3 g6 4. Bb5 Bg7 5. Bxc6 dxc6 6. O-O Nf6 7. d3 O-O 8. c4
Ng4 9. Qe2 Bd4+ 10. Nxd4 Qxd4+ 11. Kh1 Rd8 12. h3 Nf6 13. Nc3 Kg7 14. Rf3 e5
15. Nd5 cxd5 16. Be3 dxe4 17. Bxd4 exf3 18. Qxf3 exd4 19. Re1 Rb8 20. Re7 Bf5
21. g4 Bd7 22. Kh2 Bc6 23. Qe2 Re8 24. g5 Rxe7 25. Qxe7 Nd7 26. b3 b5 27. Qd6
Rb6 28. Qc7 bxc4 29. bxc4 a6 30. Kg3 Ba4 31. h4 Kf8 32. Qd8+ Kg7 33. h5 gxh5
34. f5 Rb8 35. f6+ Kg6 36. Qa5 Bc6 37. Qc7 Ba4 38. Kh4 Rb1 39. Qh2 Re1 40. Qg2
Bd1 41. Qa8 0-1